[Event "Astrakhan FIDE GP"]
[Site "Astrakhan"]
[Date "2010.05.24"]
[Round "13"]
[White "Gelfand, Boris"]
[Black "Eljanov, Pavel"]
[Result "1/2-1/2"]
[WhiteElo "2741"]
[BlackElo "2751"]
[Annotator "Marin,M"]
[PlyCount "80"]
[EventDate "2010.05.10"]
[EventType "tourn"]
[EventRounds "13"]
[EventCountry "RUS"]
[EventCategory "20"]
[SourceTitle "CBM 137"]
[Source "ChessBase"]
[SourceDate "2010.07.15"]
[SourceVersion "1"]
[SourceVersionDate "2010.07.15"]
[SourceQuality "1"]

1. d4 Nf6 2. c4 e6 3. Nc3 Bb4 4. e3 O-O 5. Bd3 d5 6. Nf3 c5 7. O-O Nc6 8. a3
Bxc3 9. bxc3 Qc7 10. cxd5 exd5 11. a4 Re8 12. Ba3 c4 13. Bc2 Bg4 ({Theory holds
} 13... Ne4 {for safer.}) 14. Qe1 Bh5 15. Nh4 Ng4 16. g3 Bg6 17. Nxg6 hxg6 18.
Qd2 Na5 ({Despite apparences,} 18... f5 {fails to slow down the advance of
White's compact mass of pawns.} 19. Rae1 Nf6 20. f3 Qd7 21. g4 $1 $36 {
Jussupow,A (2655)-Lobron,E (2570)/Munich 1994/CBM 042/[Jussupow] (1-0, 57)})
19. Rae1 Nf6 $146 (19... Nb3 {led to the loss of a pawn without sufficient
compensation:} 20. Qd1 Qd7 21. Bxb3 cxb3 22. Qxb3 Rac8 23. Bc1 Nf6 24. f3 Re6
25. Bd2 Rb6 26. Qc2 Ra6 27. Ra1 Ne8 28. e4 {Del Rio Angelis,S (2487)-Kurajica,
B (2532)/Las Palmas 2005/CBM 109 ext (1-0, 54)}) 20. f3 Nb3 21. Qd1 Qa5 22. Bb4
(22. Bxb3 Qxc3 $1) 22... Qxa4 {Black has won a pawn and, more important, has
spoiled White's queenside stability. This will offer him adequate counterplay
when faced with the advance of the centre.} 23. e4 a5 24. Bd6 Re6 25. Be5 {
As a consequence of Black's queenside action, the bishop has reached an
unstable square and will have to be exchanged soon.} Qd7 26. Bxf6 Rxf6 27. e5
Rb6 28. f4 f5 29. exf6 Rxf6 30. Bxb3 cxb3 31. Qxb3 a4 $132 32. Qb4 b6 33. Re5
Re6 34. Ra1 Kh7 35. f5 gxf5 36. Rxf5 Rae8 37. Re5 Rxe5 38. dxe5 Rxe5 39. Qxa4
Qxa4 40. Rxa4 Re3 1/2-1/2

[Event "Astrakhan FIDE GP"]
[Site "Astrakhan"]
[Date "2010.05.18"]
[Round "8"]
[White "Jakovenko, Dmitrij"]
[Black "Leko, Peter"]
[Result "1/2-1/2"]
[WhiteElo "2725"]
[BlackElo "2735"]
[Annotator "Marin,M"]
[PlyCount "83"]
[EventDate "2010.05.10"]
[EventType "tourn"]
[EventRounds "13"]
[EventCountry "RUS"]
[EventCategory "20"]
[SourceTitle "CBM 137"]
[Source "ChessBase"]
[SourceDate "2010.07.15"]
[SourceVersion "1"]
[SourceVersionDate "2010.07.15"]
[SourceQuality "1"]

1. d4 Nf6 2. c4 e6 3. Nc3 Bb4 4. e3 O-O 5. Bd3 c5 6. Nf3 d5 7. O-O Nc6 8. a3
Bxc3 9. bxc3 Qc7 10. h3 Re8 11. Bb2 Na5 12. cxd5 exd5 13. Ne5 {White's system
of development does not produce a strong impression. His knight is not too
stable in the centre, standing in the way of the own pawns at the same time.}
c4 14. Bc2 Ne4 15. Qh5 g6 16. Qh6 Bf5 $146 (16... Nd6 17. Qf4 Qe7 18. Rae1 Nc6
{This does not seem logical, since it clears the path for the white pawns,
while worsening Black's queenside structure.} 19. Nxc6 bxc6 20. f3 Rb8 21. Bc1
Rb3 22. e4 $36 {Stocek,J (2578)-Votava,J (2546)/Czechia 2008/EXT 2009 (1-0, 42)
}) 17. f3 ({The critical continuation is} 17. g4 {, but White probably was not
ready to weaken his kingside position.}) 17... Ng3 18. Bxf5 Nxf5 19. Qf4 Rac8 {
[%csl Gc7]} 20. e4 f6 21. Nxg6 hxg6 22. Qxc7 Rxc7 23. exf5 gxf5 24. Rae1 Rce7 {
The active knight and the queenside majority compensate for the kingside
weaknesses.} 25. Kf2 b5 26. Rxe7 Rxe7 27. Re1 Rxe1 28. Kxe1 Nb3 29. Kd1 f4 30.
Bc1 Nxc1 31. Kxc1 Kg7 32. Kd2 {White is best advised to remain passive.} (32.
a4 $6 {can only cause troubles:} bxa4 33. Kb2 Kg6 34. Ka3 Kg5 35. Kxa4 Kh4 36.
Kb5 a5 $1 (36... Kg3 37. h4 $1 Kxh4 38. Kc5 Kg3 39. Kxd5 Kxg2 40. Ke4 a5 41. d5
$11) 37. Kxa5 Kg3 38. h4 Kxh4 39. Kb4 Kg3 40. Kc5 Kxg2 41. Kxd5 Kxf3 42. Kc5
Ke3 43. d5 f3 44. d6 f2 45. d7 f1=Q 46. d8=Q Qf4 {with an extra pawn in the
queen ending.}) 32... Kg6 33. Ke2 Kg5 34. Ke1 Kh4 35. Kf2 a6 36. Ke2 Kg3 37.
Kf1 Kh4 38. Kf2 Kh5 39. Ke2 Kg5 40. Ke1 Kh4 41. Kf2 Kg5 42. Ke1 1/2-1/2

[Event "Metz op 30th"]
[Site "Metz"]
[Date "2012.04.18"]
[Round "7"]
[White "Maiorov, Nikita"]
[Black "Zubarev, Alexander2"]
[Result "0-1"]
[WhiteElo "2552"]
[BlackElo "2597"]
[Annotator "Metz Alekhine/Primel,D"]
[PlyCount "74"]
[EventDate "2012.04.14"]
[EventType "swiss"]
[EventRounds "9"]
[EventCountry "FRA"]
[SourceTitle "EXT 2013"]
[Source "ChessBase"]
[SourceDate "2012.11.22"]
[SourceVersion "1"]
[SourceVersionDate "2012.11.22"]
[SourceQuality "1"]

1. d4 {01H30} Nf6 2. c4 e6 3. Nc3 Bb4 4. e3 O-O 5. Bd3 d5 6. Nf3 c5 7. O-O Nc6
8. a3 Bxc3 9. bxc3 {86} Qc7 {[%cal Ge6e5,Gd5c4]} (9... dxc4 {L'alternative
mais c'est aussi souvent une simple interversion de coups.}) 10. Bb2 (10. cxd5
exd5 11. a4 Re8 {[%csl Ge4];Graf,A (2643)-Maiorov,N (2524) Pfalz op 2nd 2009 
(8) 1/2}) 10... Re8 11. Rc1 {75} (11. Qe2 dxc4 12. Bxc4 e5 13. h3 a6 14. Rad1
b5 15. Ba2 e4 16. Nd2 Be6 17. d5 Nxd5 18. c4 bxc4 19. Nxe4 c3 20. Nxc3 Nxc3 21.
Bxc3 Bxa2 22. Qxa2 h6 23. Qe2 Re6 24. Rd2 Ne7 25. Rfd1 Qc6 26. Qc4 Re8 27. Rd7
Re4 28. Qb3 Re6 29. Qb7 Qa4 30. Bb2 Qc2 31. Rc1 Qg6 32. Qc7 Nf5 33. Kh2 Rb6 34.
Ba1 Rc6 35. Qf4 Qe6 36. Rcd1 c4 37. Bc3 Qg6 38. e4 Ne7 39. f3 Qh5 40. a4 Qc5 {
Wang Hao (2752)-Hou,Y (2603) Wijk aan Zee 2013 1-0}) 11... Na5 {[%cal Ga5c4,
Gd5c4,Gc5d4]} (11... dxc4 12. Bxc4 e5 13. Ng5 Nd8 14. f4 exf4 {[%csl Re3]} 15.
Rxf4 h6 16. Nf3 {Hjelmaas,L (2318)-Gabrielsen,S (2308) NOR-ch Bergen 2009 (3)
0-1} (16. Rxf6 gxf6 17. Nf3 Rxe3 18. Qd2 $13)) 12. Nd2 dxc4 13. Nxc4 Nxc4 14.
Bxc4 {69} e5 15. f3 {53} Be6 $146 {Un coup provocateur mais les Noirs auront
une belle case de blocage pour le N} (15... Rd8 16. Qe2 Bd7 17. e4 Ba4 18. Kh1
Qe7 19. f4 exd4 20. e5 Nd5 21. cxd4 cxd4 22. Bxd4 Bc6 23. Qf2 a5 24. Qg3 h6 25.
h4 Kh8 26. f5 f6 27. Rce1 Qf8 28. Bb2 Rd7 29. Bxd5 Bxd5 30. exf6 gxf6 31. Qg6
Rf7 32. Re6 Qg7 33. Rxf6 Bxg2+ 34. Kxg2 {1-0 (34) Sulava,N (2539)-Brkic,A 
(2564) Otocac 2010}) 16. d5 (16. Bxe6 $6 {[%csl Rb2]} Rxe6 $15) 16... Bd7 17.
e4 b5 $1 18. Be2 {30} c4 19. a4 $5 bxa4 20. Ba3 Reb8 {[%cal Gf6e8,Ge8d6,Gb8b3]}
21. Ra1 {21} Rb3 22. Qc1 Ne8 {[%cal Ge8d6]} 23. f4 {Les Blancs sentent que les
Noirs ont pris l'initiative et ils doivent réagir mais la poussée f4 entraine
des affaiblissements} Rc8 24. Kh1 Nf6 25. Bf3 exf4 26. d6 Qa5 $36 {[%csl Rc3]
Les Blancs n'ont pas assez de compensations} 27. Qxf4 {[%csl Rf7][%cal Ge4e5]}
Re8 $1 (27... Rxc3 28. e5 $44) 28. Bb4 Qe5 29. Qe3 a5 30. Bc5 Rxc3 $19 31. Qf2
Rd3 32. Rac1 c3 33. Ba3 Rc8 34. Rc2 Be6 {[%cal Ge6b3]} 35. Qb6 h6 36. Qa6 Rd2
37. Rcc1 Nxe4 0-1

[Event "RUS-chT 11th"]
[Site "Sochi"]
[Date "2004.04.20"]
[Round "1.5"]
[White "Kolesnikov, Evgeny"]
[Black "Bocharov, Dmitry"]
[Result "0-1"]
[WhiteElo "2326"]
[BlackElo "2567"]
[Annotator "Mueller,Karsten"]
[PlyCount "146"]
[EventDate "2004.04.20"]
[EventType "team-tourn"]
[EventRounds "9"]
[EventCountry "RUS"]
[SourceTitle "EXT 2020"]
[Source "ChessBase"]
[SourceDate "2019.10.17"]
[SourceVersion "1"]
[SourceVersionDate "2019.10.17"]
[SourceQuality "1"]
[WhiteTeam "Tomsk Siberian Athens-Neftekhim"]
[BlackTeam "Tomsk 400"]
[WhiteTeamCountry "RUS"]
[BlackTeamCountry "RUS"]

1. d4 Nf6 2. c4 e6 3. Nc3 Bb4 4. e3 c5 5. Bd3 Nc6 6. Nf3 d5 7. O-O O-O 8. a3
Bxc3 9. bxc3 Qc7 10. cxd5 exd5 11. a4 Re8 12. Ba3 c4 13. Bc2 Bg4 14. Qe1 Bh5
15. Nh4 Ng4 16. g3 Bg6 17. Nxg6 hxg6 18. Qd2 f5 19. Rae1 Nf6 20. f3 Rad8 21.
Re2 Qd7 22. Rfe1 Re6 23. Kg2 Rde8 24. h3 Na5 25. Qd1 Nb3 26. Bxb3 cxb3 27. Qxb3
Ra6 28. Bc1 Qxa4 29. Qb1 Rb6 30. Qd3 Rc8 31. g4 Qc4 32. Qxc4 Rxc4 33. g5 Ne8
34. e4 fxe4 35. fxe4 dxe4 36. Bf4 Nd6 37. Bxd6 Rxd6 38. Rxe4 Rd5 39. Re7 Rxc3
40. Rxb7 Rxg5+ 41. Kf2 Rf5+ 42. Kg2 Ra5 43. h4 Ra2+ 44. Kg1 a5 45. Rd1 Rg3+ 46.
Kh1 Rh3+ 47. Kg1 Rxh4 48. d5 Rhh2 49. Ra7 Rhg2+ 50. Kh1 Rg5 51. Rd4 Re5 52. Rd1
Ree2 53. d6 Red2 54. Rxd2 Rxd2 55. d7 Kh7 56. Rxa5 Rxd7 57. Kg2 Rd3 58. Rb5 Ra3
59. Rc5 Kh6 60. Rc6 Ra7 61. Kg3 Kh5 62. Rc5+ g5 63. Rc4 Ra3+ 64. Kg2 g4 65. Rb4
Kh4 66. Rb8 $2 {[%mdl 4096] After this, White is driven back to the last rank,
which might be acceptable if there were only one g-pawn; but now the front one
can be sacrificed. danach wird Weiß auf die Grundreihe zurückgeworfen, was bei
nur einem g-Bauern zwar akzeptabel wäre, doch nun kann der vordere geopfert
werden.} ({This is the exception where passive defence was correct:
Ausnahmsweise war passive Verteidigung richtig:} 66. Rb2 $1 Ra4 67. Rc2 g5 68.
Rb2 g3 (68... Rf4 69. Rb8 g3 70. Ra8 Rf2+ 71. Kg1 Kh3 72. Rh8+ $11) 69. Rb8 $11
) (66. Rb7 $2 Ra2+ 67. Kg1 Kh3 68. Rxg7 Kg3 69. Kf1 Ra1+ 70. Ke2 Rg1 $1 $19)
66... Ra2+ 67. Kg1 Kh3 68. Rb3+ g3 69. Rb1 Ra3 70. Rc1 g5 71. Rb1 g4 72. Rc1 g2
73. Rb1 Rf3 (73... Rf3 74. Ra1 Rf1+ 75. Rxf1 gxf1=Q+ 76. Kxf1 Kh2 $19) 0-1

[Event "Presidents Cup "]
[Site "Elista"]
[Date "1998.05.08"]
[Round "1.2"]
[White "Lusto, Alexey"]
[Black "Aleksandrov, Aleksej"]
[Result "0-1"]
[WhiteElo "2305"]
[BlackElo "2615"]
[Annotator "Psakhis,L"]
[PlyCount "56"]
[EventDate "1998.05.07"]
[EventType "k.o."]
[EventRounds "6"]
[EventCountry "RUS"]
[SourceTitle "CBM 065"]
[Source "ChessBase"]
[SourceDate "1998.08.06"]
[SourceVersion "1"]
[SourceVersionDate "1998.08.06"]
[SourceQuality "1"]

1. d4 Nf6 2. c4 e6 3. Nf3 d5 4. Nc3 Bb4 5. e3 O-O 6. Bd3 c5 7. O-O Nc6 8. a3
Bxc3 9. bxc3 Qc7 10. cxd5 exd5 11. Nh4 Qa5 $5 {This move gain big popularity
in modern chess practice.} 12. Bb2 (12. Bd2 Ne4 13. Be1 c4 14. Bb1 Qd8 15. g3
Bh3 16. Ng2 f5 17. f3 Nd6 $15 {0-1 Marinelli,T-Sosonko,G/Linares zt 1995 (48)})
(12. Qe1 Re8 13. Bb2 Qd8 14. Nf5 Ne4 15. Ng3 Nxg3 16. hxg3 Bd7 17. f3 Rc8 18.
Qf2 Na5 $13 {1/2-1/2 Milov,V-Gavrikov,V/Biel 1995 (50)}) 12... c4 (12... Re8
13. Re1 (13. Qe1 Bd7 14. f3 Ne7 15. c4 Qxe1 16. Rfxe1 dxc4 17. Bxc4 Ned5 18.
Bxd5 Nxd5 19. e4 Nf4 20. dxc5 Rac8 $44 {1/2-1/2 Sadler,M-Ehlvest,J/Wch
Groningen 1997 (31)}) (13. Qc1 Bd7 14. Nf5 Qc7 15. Ng3 Na5 16. Qd1 Rad8 17. Re1
Ne4 18. Nf1 Bf5 19. f3 Nd6 20. Bxf5 Nxf5 21. Qd3 Nd6 $15 {0-1 Portisch,
L-Beliavsky,A/Amsterdam 1990 (77)}) 13... c4 14. Bc2 Ne4 15. Rc1 Qd8 $1 16. g3
g5 17. Ng2 g4 $15 {0-1 Lautier,J-Kramnik,V/Tilburg 1997 (53)}) 13. Bc2 Re8 {N/}
(13... Ne4 14. Qe1 Qd8 15. f3 Nd2 16. Qxd2 Qxh4 17. e4 $14 {1-0 Lautier,
J-Kramnik,V/Amber blind 1997 (33)}) 14. Qe1 $5 {[%cal Gf2f3,Ge3e4]} (14. Re1
Ne4 15. Rc1 Qd8 $11) 14... Ne7 15. f3 Bd7 16. a4 $8 (16. e4 Ba4 $1) 16... Ng6
17. e4 (17. Nf5 $5 $132) 17... dxe4 (17... Nf4 18. Qd2 g5 $142 $2 19. e5 $16)
18. fxe4 Bc6 {[%cal Ge8e1]} 19. e5 ({Maybe better is} 19. Nxg6 hxg6 20. e5 $14
{with initiative}) 19... Qb6 $6 (19... Qd5 20. Nf3 $14 {[%csl Gb2,Gc2]}) (19...
Nd5 20. Nf5 (20. Nxg6 $5 hxg6 21. Qg3 {[%cal Gf1f7,Gc2g6,Gb2a3]}) 20... Qb6 21.
Qb1 $5 Nxe5 $140 $2 22. a5) 20. Qf2 $5 ({I couldn,t find defense for Black
after simple} 20. Bxg6 $1 {for instance} Qxb2 (20... hxg6 21. Qf2 $18) (20...
fxg6 21. exf6 $1 Rxe1 22. f7+ Kh8 (22... Kf8 23. Ba3+ Re7 24. Rae1 Qc7 25. Re3
$1 $18) 23. Raxe1 Rf8 24. Ba3 Qd8 25. Bxf8 Qxf8 26. Rf3 {[%cal Rh4g6]} Bd7 27.
Re8 $18) 21. Bxf7+ Kxf7 22. Qg3 Qd2 (22... Rad8 23. exf6 g6 (23... gxf6 24.
Rxf6+ Kxf6 25. Rf1+ $18) 24. Nf3 $18) 23. Rad1 $5 Qe2 24. Nf5 $5 (24. exf6 Qe3+
25. Qxe3 Rxe3 26. fxg7+ Kg8) 24... Qxg2+ 25. Qxg2 Bxg2 26. Kxg2 Nd5 27. Ne3+
Ke6 28. Nxd5 Kxd5 29. Rf7 $18) 20... Qxb2 21. exf6 (21. Bxg6 Qxf2+ 22. Rxf2
hxg6 23. exf6 Re3 $17 {[%csl Rc3]}) 21... Qxc3 22. Nf5 $5 (22. fxg7 Qe3 23. Nf5
Qxf2+ 24. Rxf2 Rad8) 22... gxf6 23. Nh6+ Kg7 24. Nf5+ ({Now Lusto could easy
make draw after} 24. Bxg6 $5 hxg6 (24... fxg6 25. Qxf6+ Kxh6 26. Qh4+ Kg7 27.
Qf6+ $11) 25. Qxf6+ Kxh6 26. Qh4+ Kg7 27. Qf6+ Kh7 28. Qxf7+ Kh6 29. Qf4+ g5
30. Qf6+ Kh5 31. Qf7+ Kg4 32. Qf5+ $11) 24... Kh8 25. Rac1 (25. Nd6 Re6 $8 26.
Nxf7+ Kg7 27. Bf5 Qe3 $1 $17) (25. Nh6 Qe3) 25... Qa3 26. Rcd1 (26. Nh6 Qe3 27.
Nxf7+ Kg7 28. Nd6 Qxf2+ 29. Rxf2 Red8 30. Nf5+ $15) 26... Bd7 27. Nh6 Kg7 (
27... Qe7 28. Rde1 $1 $18) 28. Nxf7 $4 (28. Bxg6 $1 fxg6 29. Qxf6+ Kxh6 30.
Qh4+ (30. Rf4 Qe3+ 31. Kh1 Bg4 $1 32. Rxg4 Qe1+ 33. Qf1 Qxf1+ 34. Rxf1 Rad8 $19
) 30... Kg7 31. Qf6+ $11) 28... Qe7 $1 {[%csl Rf7]} 0-1

[Event "George Marx Memorial 4th"]
[Site "Paks"]
[Date "2006.07.28"]
[Round "1"]
[White "Berkes, Ferenc"]
[Black "Almasi, Zoltan"]
[Result "0-1"]
[WhiteElo "2601"]
[BlackElo "2672"]
[Annotator "Szabo,Kr"]
[PlyCount "80"]
[EventDate "2006.07.28"]
[EventType "tourn"]
[EventRounds "10"]
[EventCountry "HUN"]
[EventCategory "15"]
[SourceTitle "CBM 113 Extra"]
[Source "ChessBase"]
[SourceDate "2006.09.14"]
[SourceVersion "1"]
[SourceVersionDate "2006.09.14"]
[SourceQuality "1"]

1. d4 Nf6 2. c4 e6 3. Nc3 Bb4 4. e3 O-O 5. Bd3 d5 6. Nf3 c5 7. O-O Nc6 8. a3
Bxc3 9. bxc3 Qc7 10. Qc2 Na5 11. Nd2 Bd7 12. cxd5 exd5 13. dxc5 Qxc5 14. a4
Rfc8 15. Bb2 Nc4 16. Bxc4 dxc4 17. Ba3 $6 (17. e4 Ng4 {/\ Ne5-d3} (17... Re8
18. Ba3 Qc7 19. f3) 18. Nf3 Re8 19. Rfe1 (19. Ba3 Qh5 $15) (19. h3 Ne5 $15)
19... Bc6 20. h3 Ne5 21. Nxe5 Qxe5 22. f3 Rad8 $17 (22... f5)) 17... Qd5 $1 18.
e4 (18. f3 Bxa4 $19) (18. Rfd1 Bf5 19. Qb2 Bd3 $17) 18... Bxa4 19. exd5 (19.
Qxa4 Qxd2 $19) 19... Bxc2 20. d6 Nd5 21. Rfe1 f6 $6 (21... Nxc3 $2 22. d7 Rd8
23. Bb4 Na4 (23... Nd5 24. Rxa7 $44) 24. Ra2 $44) (21... Bd3 $1 22. Nf3 Nxc3
23. Ne5 (23. d7 Rd8 24. Ne5 f6 $19) 23... f6 $19) 22. d7 Rd8 23. Nxc4 Rxd7 24.
Nd6 (24. Ne3 $1 Nxe3 25. Rxe3 Ba4 $17) 24... b6 (24... Nxc3 $5 25. Rac1 Nb1 26.
Rxb1 Bxb1 27. Rxb1 Rad8 28. f4 {(Almasi,I)}) 25. c4 Nf4 26. Re3 (26. g3 Nd3 27.
Re2 Ba4 $17) 26... Rad8 27. g3 Ng6 (27... Nd3 28. Ra2 Nc5 29. Bxc5 bxc5 30.
Rxc2 Rxd6 $17) 28. Rc3 (28. f4 Rxd6 29. Bxd6 Rxd6 30. Rxa7 h5 $19) (28. Ra2 $1
Ba4 29. f4 Bc6 30. Rd2 h5 $17) 28... Ba4 29. c5 bxc5 30. Bxc5 Bc6 31. Kf1 (31.
Ra6 Ne7 32. Rd3 Rb8 33. Rd1 Rb5 $1 34. Ba3 Bb7 35. Rxa7 Nc8 $19) 31... Rxd6 32.
Bxd6 Rxd6 33. Rxa7 Ne5 $19 34. f4 Bb5+ $1 35. Kg1 (35. Kg2 Rd2+ $19) (35. Kf2
Ng4+ 36. Ke1 Re6+ 37. Kd1 (37. Kd2 {(Almasi,I)} Nxh2 38. Rcc7 (38. Rc8+ Be8)
38... Nf3+ 39. Kc2 Rc6+) 37... Nf2+ 38. Kc1 Rc6 39. Rxc6 Bxc6 $19) 35... Rd1+
36. Kf2 Ng4+ 37. Kf3 Nxh2+ 38. Ke4 (38. Kg2 Rd2+ 39. Kh3 h5 40. Rcc7 Nf1 41.
Rxg7+ Kf8 42. Rgf7+ Ke8 43. Rfe7+ Kd8 $19) 38... Rd7 (38... h5 39. Rcc7 Bd3+
40. Kd4 Bf5+ 41. Kc5 Rc1+ $19) 39. Ra2 Ng4 40. Rb2 (40. Kf5 Nh6+ 41. Ke6 Nf7
42. Ra8+ Nd8+ 43. Kf5 Kf7 $19) 40... Bf1 0-1

[Event "World Women-ch k.o."]
[Site "Khanty-Mansiysk"]
[Date "2012.11.21"]
[Round "4.2"]
[White "Ushenina, Anna"]
[Black "Kosintseva, Nadezhda"]
[Result "1-0"]
[WhiteElo "2452"]
[BlackElo "2539"]
[Annotator "Ushenina,A"]
[PlyCount "91"]
[EventDate "2012.11.11"]
[EventType "k.o."]
[EventRounds "6"]
[EventCountry "RUS"]
[SourceTitle "CBM 152"]
[Source "ChessBase"]
[SourceDate "2013.01.15"]
[SourceVersion "1"]
[SourceVersionDate "2013.01.15"]
[SourceQuality "1"]

1. d4 Nf6 2. c4 e6 3. Nc3 Bb4 4. e3 O-O 5. Bd3 d5 6. Nf3 c5 7. O-O Nc6 8. a3
Bxc3 9. bxc3 Qc7 ({Another main line is} 9... dxc4 10. Bxc4 Qc7) 10. cxd5 exd5
11. a4 Re8 12. Ba3 c4 13. Bc2 Bg4 ({Theory holds} 13... Ne4 {for safer (Marin).
}) 14. Qe1 Bh5 ({Here it was possible to exchange on f3:} 14... Bxf3 15. gxf3
Qd7 16. Kh1 Qh3 17. Qd1 Nh5 18. Rg1 {Black has spoiled White's pawn structure
on the kingside, but at the same time White has got two bishops, so it will be
a long game.}) 15. Nh4 {Of course White should hinder the move ...Bg6 with the
exchange of light-squared bishops.} Ng4 16. g3 Bg6 17. Nxg6 hxg6 18. Qd2 ({Here
} 18. e4 {does not promise much:} dxe4 19. Qe2 (19. Bxe4 Nf6 20. f3 Na5 {
and ...Nb3 is coming with a perfect position for Black.}) 19... Nf6 20. Qxc4
Rac8 {with the idea ...b6, ...Na5 and occupation of the c4-square.}) 18... Na5
({The attempt to take the e4-square under control with} 18... f5 {is too slow:}
19. Rae1 Nf6 20. f3 Qd7 21. g4 $1 $36 {Jussupow,A (2655)-Lobron,E (2570)/
Munich 1994}) 19. Rae1 Nf6 (19... Nb3 20. Qd1 Qd7 21. Bxb3 cxb3 22. Qxb3 Rac8
23. Bc1 Nf6 24. f3 Re6 (24... Rc4 $5 {deserves attention:} 25. a5 {for example}
Ra4 $13 26. Bd2 Rxa5 27. c4 dxc4 28. Qxc4 b5 29. Qd3 Ra4) 25. Bd2 Rb6 26. Qc2
Ra6 27. Ra1 Ne8 28. e4 {Del Rio Angelis,S (2487)-Kurajica,B (2532)/Las Palmas
2005/CBM 109 ext (1-0, 54)}) 20. f3 Qc6 (20... Nb3 $142 21. Qd1 (21. Qf2 Qa5 (
21... Qc6 22. a5 $5 Nxa5 23. e4 {[%cal Ge4e5] with good prospects for White on
the kingside and in the centre}) 22. Bb2 ({it does not seem a good idea to
leave the bishop on the a3-f8 diagonal:} 22. Bb4 Qxa4 23. e4 a5 24. Bd6 Re6 25.
Bf4 Qe8 $15) 22... Nd7 {The knight goes on b6 with the idea to take on a4 with
tempo} (22... Qxa4 23. e4) 23. e4 Nb6 {with good play for Black.}) 21... Qa5
22. Bb4 (22. Bxb3 Qxc3 $1 $15) 22... Qxa4 {Black has won a pawn and in
addition the bishop on b4 will be attacked soon.} 23. e4 a5 24. Bd6 Re6 25. Be5
Qd7 (25... dxe4 $1 26. Bxf6 (26. fxe4 Qb5 $15 {Black's idea is just to push
the a-pawn}) 26... gxf6 27. Rxe4 Raa6 $1 $15) 26. Bxf6 Rxf6 27. e5 Rb6 28. f4
f5 29. exf6 Rxf6 30. Bxb3 cxb3 31. Qxb3 a4 32. Qb4 b6 33. Re5 Re6 34. Ra1 Kh7
35. f5 gxf5 36. Rxf5 Rae8 37. Re5 Rxe5 38. dxe5 Rxe5 39. Qxa4 Qxa4 40. Rxa4 Re3
{1/2 Gelfand,B (2741)-Eljanov,P (2751)/Astrakhan 2010/CBM 137}) 21. Qg2 ({
Instead} 21. Qd1 $5 {deserves serious attention:} b6 (21... Nb3 22. Bxb3 cxb3
23. Qxb3 b6 24. g4 $13) 22. e4 Nb3 (22... dxe4 $2 23. fxe4 $16 Nxe4 $2 24. d5
$18) 23. e5 Qxa4 24. Bc1 $14 {and next f4.}) 21... Nb3 22. e4 Qxa4 23. Bb2 (23.
Bd6 $6 Re6 24. Be5 (24. e5 Ne8 25. f4 Nxd6 26. exd6 Rxe1 27. Rxe1 Qc6 $15)
24... Qa5 25. Bxb3 (25. exd5 Qxd5 {[%cal Ga8e8] It is hard to say where
White's compensation for the pawn may be.} (25... Nxd5 $6 26. f4 Rae8 (26...
Nxc3 27. f5 gxf5 28. Bxf5 Rxe5 29. dxe5 Qb6+ 30. Kh1 Nd4 31. e6 Nxe6 32. Bxe6
fxe6 33. Qf3 Qc6 34. Qxc6 bxc6 35. Rf4 $16) 27. f5 gxf5 28. Bxf5 $14)) 25...
cxb3 26. Qb2 Qb5 $15) 23... Qb5 24. Bb1 (24. e5 $5 Nd7 25. Ba3 Qa5 (25... Qa4
26. Bd6 Qa5 27. Re3 {[%cal Gf3f4]}) 26. Bb4 Qb6 27. Bd6 Rad8 28. f4 Nf6 29. f5
$44) 24... dxe4 (24... Nd7 {[%cal Gd7b6,Gb6a4] too slow a try to exchange one
of White's bishops after the manoeuvre Nb6-a4} 25. e5 Nb6 (25... Qc6 26. f4 {
[%cal Gf4f5]}) 26. f4 Na4 27. f5 $1 {with attack} gxf5 (27... Nxb2 28. fxg6 $18
) (27... g5 28. f6) 28. Bxf5 Nxd4 (28... Nxb2 29. Qh3 $1) (28... g6 29. e6 gxf5
30. Rxf5 Rxe6 31. Rxe6 fxe6 32. Rg5+ Kf7 33. Qf2+ Ke7 34. Rg7+ Kd6 35. Qf4+ Kc6
36. Qc7#) 29. cxd4 Qxb2 30. Qxd5 Nb6 31. Qe4 $18) (24... a5 25. e5 Nd7 26. f4
Qc6 27. f5 b5 28. e6 $16) 25. fxe4 Re6 {Too slow.} ({Instead the prophylactic} 
25... Qc6 $5 {(for preventing e4-e5) deserves serious attention:} 26. g4 b5 27.
g5 Nh5 {with mutual chances.}) 26. Re2 ({Much better is the immediate} 26. e5
$1 Rae8 (26... Nd5 27. Re4 {White can play actively againt Black's king!} Rae8
28. Qh3 f5 29. Rh4 Rxe5 (29... Ne3 30. Ba3 Nxf1 31. Bxf5 $16) 30. dxe5 Qc5+ 31.
Kh1 Rxe5 32. Bxf5 gxf5 33. Rxf5 Re1+ 34. Rf1 $16) 27. Re2 Nd5 (27... Qb6 {
with the idea to take on e5} 28. Qf2 Qc7 29. Qf4 {[%cal Ge2f2]} Nd5 30. Qf3 {
[%cal Gb1e4] White is better}) 28. Qf3 Qd7 29. Be4 {with initiative.}) 26...
Rae8 (26... Qc6 $5 {against e4-e5} 27. Qf2 Qd7 28. e5 Nd5 29. g4 (29. Be4 Rb6
30. Qf3 Rd8 31. h4 f5 32. Bxd5+ Qxd5 33. Qxd5+ Rxd5 34. g4 Re6 35. gxf5 gxf5
36. Rxf5 b5 {[%cal Ga7a5]} 37. Rg5 {White is somewhat better}) 29... Rb6 30.
Qf3 {[%cal Ge2f2]}) 27. e5 Nd5 (27... Qc6 28. Qh3 Nd5 29. Ref2 R8e7 30. Be4 $14
) 28. Qf3 f5 (28... R8e7 29. Ref2 {[%cal Gb1e4]}) 29. g4 (29. exf6 $2 Nxf6 30.
Rxe6 Rxe6 31. Bxg6 Nd2 32. Qf5 Qxf5 33. Rxf5 Ra6 34. Rc5 Nd7 35. Rc7 Rxg6 36.
Rxd7 Rb6 37. Ba3 Ne4 $15) 29... f4 30. Be4 Rd8 (30... Ne3 $2 31. Rxe3 fxe3 (
31... Nd2 32. Qxf4 Nxf1 33. Rf3 $1 $18) 32. Qf7+ Kh7 33. Rf3 $18) 31. Bxd5 Qxd5
32. Qxf4 $18 Qd7 33. Ba3 Ra6 34. Bb4 Qe6 35. Qe4 b5 36. Ref2 Ra1 37. Rxa1 Nxa1
38. Ra2 Nb3 39. Rxa7 Nc1 40. Re7 Qa6 41. Qf3 Kh8 (41... Rf8 42. Rxg7+ Kxg7 43.
Qxf8+ $18) 42. Qf7 Rg8 43. Ra7 Qc8 44. Qxg6 Ne2+ 45. Kf1 Nf4 46. Qg5 1-0